[Event "YUG-chT"]
[Site "Igalo"]
[Date "1994.??.??"]
[Round "7"]
[White "Sokolov, Andrei"]
[Black "Nevednichy, Vladislav"]
[Result "1-0"]
[WhiteElo "2555"]
[BlackElo "2480"]
[Annotator "Glatman,V"]
[PlyCount "55"]
[EventDate "1994.??.??"]
[EventType "team"]
[EventRounds "9"]
[EventCountry "YUG"]
[SourceTitle "EXT 2000"]
[Source "ChessBase"]
[SourceDate "1999.11.16"]
[SourceVersion "1"]
[SourceVersionDate "1999.11.16"]
[SourceQuality "1"]

1. e4 g6 2. d4 Bg7 3. Nc3 c6 4. Nf3 d6 5. a4 $5 Nf6 (5... a5 $5) 6. a5 $5 O-O
7. Be2 Na6 (7... Nbd7 $142 8. O-O e5 9. dxe5 dxe5 10. Qd6 Re8 $10) 8. O-O b5 (
8... Qc7 9. Bf4 Nh5 10. Be3 e5 11. dxe5 dxe5 12. Bxa6 bxa6 13. Qe2 $16) 9. axb6
axb6 10. e5 $14 Nd5 (10... dxe5 11. Nxe5 $14) (10... Ne8 $5) 11. Nxd5 cxd5 12.
Bf4 dxe5 $6 (12... Nc7 13. Rxa8 Nxa8 14. exd6 exd6 15. Qd2 Bf5 $14) 13. Nxe5
Bb7 14. c3 e6 15. Bg3 (15. Qd2 $5) 15... f6 (15... Nc7 16. Rxa8 Bxa8 17. Qa1
Ne8 18. Qa7 $16) 16. Nf3 Nb8 (16... Nc7 17. Qb3 $16) 17. Rxa8 Bxa8 18. Qa4 $1
$16 Nc6 (18... Bc6 19. Bb5 $1 Bxb5 20. Qxb5 $16) 19. Bb5 Qc8 20. Re1 Bb7 21. h3
$5 Qd7 $2 (21... Kh8 $145) 22. Qa7 $1 $18 Ra8 (22... Nxa7 23. Bxd7 $18) 23.
Qxb6 Bf8 24. c4 $1 g5 25. Bc7 Rc8 26. Qxb7 Rxc7 27. Qb6 dxc4 28. Rxe6 $1 (28.
Rxe6 Qxe6 29. Qxc7 Nd8 30. Bxc4 $18) 1-0

[Event "Moscow Aeroflot op"]
[Site "Moscow"]
[Date "2002.02.08"]
[Round "6"]
[White "Yagupov, Igor"]
[Black "Korotylev, Alexey"]
[Result "1-0"]
[WhiteElo "2466"]
[BlackElo "2564"]
[Annotator "Gofshtein,L"]
[PlyCount "43"]
[EventDate "2002.02.04"]
[EventType "swiss"]
[EventRounds "9"]
[EventCountry "RUS"]
[SourceTitle "CBM 088"]
[Source "ChessBase"]
[SourceDate "2002.03.21"]
[SourceVersion "1"]
[SourceVersionDate "2002.03.21"]
[SourceQuality "1"]

1. e4 d6 2. d4 g6 3. Nc3 Bg7 4. Be3 a6 5. f4 (5. f3) (5. a4) 5... b5 6. Be2 {
Another line is:} (6. Bd3 Bb7 7. Nf3 Nf6 (7... b4 8. Ne2 Nf6 9. e5) 8. e5) 6...
Bb7 (6... b4 $5 7. Nb1 Bb7 8. Bf3 Nf6 9. Nd2 Nbd7 10. Ne2 c5 11. c3 $132) 7.
Bf3 Qc8 {It is interesting 7...e6, but after eventual e5 white has initiative.}
(7... e6 8. e5 $5 $36 (8. e5 Bxf3 9. Qxf3 d5 10. a4 b4 11. Na2 Nc6 12. Qe2 Nge7
13. Nf3 $14 {1-0 Palac,M-Loncar,R/Zadar 1998/EXT 2000 (29)}) (8. g4 $5 Nd7 (
8... b4 9. Nce2 Nd7 10. Qd2 a5 11. h4 $36) 9. e5 $1 Bxf3 (9... Qc8 10. Ne4 d5
11. Nd2 c5 12. c3 b4 13. Ne2 {/\h4-h5,/\f5}) 10. Qxf3 $14 {1-0 Marciano,
D-Chomet,P/Meribel 1998/CBM 67}) (8. Qd3 Nd7 9. O-O-O Ne7 $132 {0-1 Degraeve,
J-Dimitrov,V/Linares 1998/CBM 62 ext/[Dimitrov,Vl] (27)})) (7... b4 8. e5 $5 (
8. Nd5 a5 9. f5 $5 $36) (8. Nce2 Nf6 (8... Nd7 9. e5 Bxf3 10. Nxf3 $16 {
1-0 Friedman,A-Bosboom Lanchava,T/Wijk aan Zee 2001/CBM 80 ext (39)}) 9. Qd3
Nbd7 10. Nh3 c5 $13) 8... d5 (8... bxc3 9. Bxb7 Ra7 10. Bf3 $16 {[%cal Gf3a8]})
9. Na4 $16 {1-0 Arzumanian,G-Budnikov,O/Kharkov 2000/EXT 2001 (66)}) (7... Nd7
8. e5 $5 Bxf3 9. Qxf3 $16 (9. Nxf3 e6)) 8. e5 $5 {Main idea of white in this
variation.Capturing of space,convinient development and closing the bishop
"g7"-general purposes of white.} Nd7 9. Nh3 $5 {[%mdl 4] A rare move.The
attempt to strengthen their position without changing on ''b7".} (9. Bxb7 Qxb7
10. Qf3 Qxf3 (10... Rb8 11. O-O-O Nh6 12. Bf2 e6 13. h3 $14 {1-0 Morozevich,
A-Azmaiparashvili,Z/New York 1997/CBM 57 ext (44)}) 11. Nxf3 e6 (11... Nb6 12.
O-O-O b4 13. Ne4 Nd5 14. Bd2 Bh6 15. g3 {1/2-1/2 Onischuk,A-Badea,B/Sovata
1999/EXT 2000 (50)}) 12. a4 (12. O-O-O Ne7 13. g4 b4 14. Ne4 Nd5 15. Bd2 f5 $11
{1/2-1/2 Oral,T-Voloshin,L/CZE 2001/EXT 2002 (15)}) 12... b4 13. Ne4 f5 14.
Neg5 {1/2-1/2 Bauer,C-Comas Fabrego,L/Escaldes 1998/CBM 68 (14)}) (9. Qe2 e6
10. O-O-O Ne7 11. d5 Nxd5 12. Nxd5 exd5 13. Bg4 O-O 14. e6 fxe6 15. Bxe6+ Kh8
$132 {1/2-1/2 Westerinen,H-Keene,R/Reykjavik 1976/EXT 98 (36)}) 9... e6 $5 {
[%mdl 16] Its dangerous 9...Nh6 because of potential e5-e6.} (9... Nh6 $6 10.
O-O Nf5 11. Bf2 h5 12. e6 fxe6 13. Bxb7 Qxb7 14. Ng5 Nf8 15. Re1 Kd7 $16 {
1-0 Romcovici,V-Dumitrache,D/Eforie Nord 1998/EXT 2000 (39)}) 10. d5 {An
impatient wish to tear the position on bits.In the case of quiet 10.0-0 Ne7
black have solid position.} exd5 {Another possibility is10...de} (10... dxe5
11. dxe6 fxe6 12. O-O Ne7 $132) 11. exd6 Ngf6 $5 (11... Bxc3+ $5 12. bxc3 Ngf6
$13) 12. Nxd5 (12. O-O O-O $132) 12... Nxd5 13. Bxd5 O-O 14. c3 Re8 $2 {
[%mdl 8192] Terrible tactical blunder.After number of good defensive moves
black permit to make a decisive stroke.Simple 14...Nf6 solved all opening
problems.} (14... Nf6 $5 15. Bxb7 (15. d7 Qb8 16. Bxb7 Qxb7 17. O-O Rad8 $11)
15... Qxb7 16. O-O Rfd8 $132) 15. Bxf7+ $1 Kxf7 {And in the case of crafty 15..
.Kh8 white reach the winning position in case of accurate defence.} (15... Kh8
16. Bxe8 Qxe8 (16... Bxg2 17. Bxd7 Qxd7 18. Nf2 Re8 19. Qd3 Bxh1 20. Nxh1 Qh3
21. Kd2 $18) 17. Kf2 Qe4 18. Rg1 Re8 19. Bd4 $18) 16. Ng5+ Kf8 (16... Kf6 17.
Qd4+ Kf5 18. g4+ $1 Kxg4 19. Rg1+ Kf5 20. Qd3+ Be4 21. Nxe4 Rxe4 22. Rg5+ $18)
17. Qb3 Rxe3+ 18. Kf2 Re2+ 19. Kxe2 Qe8+ 20. Kf2 Nf6 (20... cxd6 21. Rae1 Be5
22. fxe5 $18) 21. Rhe1 $18 {After number of forced moves became clear that
black can't resque their position.} Ne4+ 22. Rxe4 $1 1-0

[Event "GER-ch 73th"]
[Site "Altenkirchen"]
[Date "2001.12.07"]
[Round "8"]
[White "Jussupow, Artur"]
[Black "Jugelt, Tobias"]
[Result "1-0"]
[WhiteElo "2633"]
[BlackElo "2420"]
[Annotator "Gofshtein,L"]
[PlyCount "93"]
[EventDate "2001.11.30"]
[EventType "swiss"]
[EventRounds "9"]
[EventCountry "GER"]
[SourceTitle "CBM 087"]
[Source "ChessBase"]
[SourceDate "2002.03.21"]
[SourceVersion "1"]
[SourceVersionDate "2002.03.21"]
[SourceQuality "1"]

1. d4 g6 2. e4 Bg7 3. c3 c6 {This is rare opening system. Usually Black plays
3...d6 with following 4...Nf6 and c5;or 3...d5 immediately.} 4. Nf3 d5 5. e5
Bg4 6. Nbd2 {[%mdl 16]} f5 $2 {White gets winning position after this very bad
black,s move. There are other ways much better for Black:} (6... e6 $5 7. h3 (
7. Bd3 Nd7 8. h3 Bxf3 9. Nxf3 c5 10. Bg5 Qb6 11. Qd2 h6 12. Be3 cxd4 13. cxd4
Ne7 14. O-O Nf5 15. Bxf5 exf5 $16 {0-1 Koenig,D-Gorka,C/Bergneustadt 2001/EXT
2002 (42)}) 7... Bxf3 8. Nxf3 Ne7 9. Bg5 $5 (9. Bd3 c5 $5 (9... Qb6 $6 10. b4
Nd7 11. Bg5 h6 12. Bd2 Qc7 13. O-O f6 14. exf6 Bxf6 15. Re1 $16 {1-0
Martinovic,S-Heilinger,D/Austria 1997/EXT 99 (28)}) 10. dxc5 $6 (10. O-O $5)
10... Nd7 11. O-O O-O 12. Re1 Nxc5 13. Bc2 Nc6 14. Bf4 Qc7 15. Qe2 Nd7 $132 {
1/2-1/2 Brunner,L-Lorenz,S/Germany 1991/GER-chT (75)} (15... Rac8 $132 {
0-1 Magomedov,M-Minasian,A/Cappelle la Grande 1995/EXT 97 (35)})) 9... h6 10.
Bf4 Nd7 11. Bd3 c5 12. O-O cxd4 13. cxd4 Qb6 14. Qd2 Nc6 15. Be3 Qb4 16. Qe2
$16 {1-0 Comp Gandalf-Bakker,P/The Hague 1997/EXT 98 (27)}) (6... Nd7 {This
move as 6...e6 leads to similiar positions.} 7. h3 (7. Bd3 e6 8. O-O Ne7 9. h3
Bxf3 10. Nxf3 Qc7 11. Bg5 h6 12. Be3 O-O-O 13. b4 $16 {1/2-1/2 Hinks Edwards,
T-Webster,A/England 2001/EXT 2002 (32)}) 7... Bxf3 8. Nxf3 e6 (8... f6 9. exf6
exf6 10. Bd3 Ne7 11. O-O O-O 12. Bf4 $16 {0-1 Isanbaev,R-Fatkhutdinov,G/
Novosibirsk 2001/CBM 83 ext (46) pair of bishops gives clear advantage for
white}) 9. h4 (9. Bd3 Qb6 10. O-O Ne7 11. Qe2 Nf5 12. g4 Ne7 13. Be3 $16 {
1-0 Rytshagov,M-Paasikangas Tella,J/Jyvaskyla 2000/EXT 2001 (50)}) 9... h6 10.
Bf4 Ne7 11. Qd2 a6 12. b4 $6 (12. b3 $5) 12... a5 13. b5 a4 (13... c5 14. a4)
14. bxc6 bxc6 15. c4 dxc4 16. Bxc4 Nb6 17. Rc1 Nxc4 18. Rxc4 Qd5 19. Qc2 $1 $14
{1/2-1/2 Hennigan,M-Webster,A/Dundee 1993/CBM 38/[Bulletin] (57)}) (6... Nh6 $5
7. Be2 O-O 8. O-O f6 9. Re1 Nf7 10. exf6 exf6 11. Nf1 Qc7 $132 {1/2-1/2
Namyslo,H-Fegebank,F/Dresden 1996/CBM 53 ext (45)}) (6... f6 $5) 7. Qb3 Qb6 8.
Ng5 $1 {[%csl Re6][%cal Yg5e6] This strong move gives white decisive advantage;
} f4 9. Bd3 {[%cal Yg5h7,Yd3g6] With a threat 9.Nh7} Bh6 10. h4 {Black is in
troubles because bad position his pieces and weak pawn "f4".} e6 11. f3 Bxg5 (
11... Bf5 12. Bxf5 exf5 13. Qxb6 axb6 14. Nb3 Bxg5 15. hxg5 Ne7 16. Bxf4 $18 {
and white is up a pawn;}) 12. fxg4 (12. hxg5 $5 $18) 12... Bh6 13. Nf3 $18 Ne7
14. g5 Bg7 15. Bxf4 Nd7 16. Qxb6 axb6 17. Ke2 {White is up a pawn and has much
better position.} O-O 18. Be3 Nf5 19. Bf2 Rf7 20. g4 Ne7 21. Be3 b5 22. h5 {
[%csl Rg6][%cal Yh5g6,Yd3g6,Yf3h4,Yh4g6] White has plan to weaken black
position over the kingside;} Bf8 23. Nh4 Rg7 24. a3 Nb6 25. Raf1 {[%cal Yf1f8]
White transfers the rook to the kingside.} Nc4 26. Bxc4 dxc4 27. Rf6 {[%csl
Re6][%cal Yf6e6] White captures weak pawn e6.} Nd5 28. Rxe6 Nxe3 29. Kxe3 gxh5
30. gxh5 Rxg5 31. Nf3 Rg2 32. Rg1 {White changes the active rook of black.}
Rxg1 33. Nxg1 Bxa3 {Black tries to complicate the game by piece' sacrifice.} (
33... Kf7 34. Rf6+ Kg7 35. Ne2 $18) 34. bxa3 Rxa3 35. Ne2 b4 36. Re8+ Kf7 37.
Rb8 {White is going to attack black's pawns on queen side.} b5 38. Rb7+ Ke8 39.
d5 cxd5 (39... bxc3 40. dxc6 c2+ 41. Kd2 $18) 40. Rxb5 bxc3 (40... b3 41. Nf4
Ra1 42. Nxd5 $18) 41. Rxd5 c2+ 42. Kd2 Rh3 {Black is attacking white pawns but
without success;} 43. Nf4 Rh2+ 44. Kc1 c3 45. e6 Rf2 46. Rf5 $18 Kd8 47. Rf8+
1-0

[Event "USA-ch"]
[Site "Seattle"]
[Date "2002.01.06"]
[Round "2"]
[White "Khmelnitsky, Igor N"]
[Black "Ivanov, Alexander"]
[Result "1-0"]
[WhiteElo "2479"]
[BlackElo "2578"]
[Annotator "Gofshtein,L"]
[PlyCount "93"]
[EventDate "2002.01.05"]
[EventType "swiss"]
[EventRounds "9"]
[EventCountry "USA"]
[SourceTitle "CBM 087"]
[Source "ChessBase"]
[SourceDate "2002.03.21"]
[SourceVersion "1"]
[SourceVersionDate "2002.03.21"]
[SourceQuality "1"]

1. e4 g6 2. d4 Bg7 3. Nc3 d6 4. Be3 a6 5. a4 $5 b6 6. h3 {White has large
choice instead:} (6. Bc4 Bb7 (6... e6 7. Nge2 Bb7 8. O-O Ne7 9. f3 O-O 10. Qd2
d5 11. Ba2 Nbc6 $132 {1-0 Henriksson,C-Gaprindashvili,N/Helsinki 1992/CBM 32 
(44)}) 7. Nf3 e6 8. O-O Nf6 9. Bd3 O-O 10. Qd2 Nbd7 11. Bh6 e5 12. Rfe1 exd4
13. Nxd4 Nc5 14. Bxg7 Kxg7 15. f3 $14 {1/2-1/2 Xie Jun-Ye Jiangchuan/Shenzhen
1992/CBM 31 (15)}) (6. Bd3 $5 Bb7 7. f3 Nd7 8. Nge2 e6 9. O-O Ne7 10. Qd2 h6
11. Rad1 c5 12. dxc5 dxc5 13. f4 Qc7 14. Ng3 O-O-O 15. Qe2 $36 {0-1 Grunina,
N-Smirnov,P/Tomsk 2001/CBM 83 ext (32)}) (6. Be2 Bb7 (6... e6 7. Nf3 Bb7 8. O-O
Nd7 9. Nd2 Ne7 10. Nb3 O-O 11. Qd2 Re8 12. Rfd1 a5 13. Bh6 $14 {Wach,M-Moser,E/
ch-AUT 1999}) 7. Qd2 (7. Bf3 Nd7 8. Nge2 e5 9. d5 Ngf6 10. g4 h5 11. g5 Nh7 12.
h4 f6 13. Qd2 fxg5 14. hxg5 O-O 15. Bg2 $16 {Vetemaa,J-Heinimaki,L/Jyvaskyla
We JyS 1998 (15)}) (7. Nh3 Nd7 8. O-O Ngf6 9. f3 O-O 10. Qd2 c6 11. Nf2 b5 12.
Nd3 e5 $11 {Urban,K-Wojtkiewicz,A/55th chTeam-POL 1999}) 7... Nf6 8. f3 Nc6 9.
d5 Ne5 10. h3 (10. f4 Ned7 11. Nf3 c6 12. O-O Nc5 $132) 10... c6 $132 {1-0
Odeev,H-Arencibia,W/Linares ESP 2001/The Week in Chess 324 (28)}) (6. Qd2 Bb7
7. f3 Nd7 8. Bc4 e6 9. Nge2 Ngf6 10. O-O d5 11. exd5 exd5 12. Ba2 O-O $132 {
1/2-1/2 Podinic,V-Lazic,M/Jahorina BIH 2001/The Week in Chess 356 (30)}) (6. g3
Bb7 7. Bg2 Nf6 8. Nge2 Ng4 9. Bg5 h6 10. Bc1 c5 11. d5 Nd7 12. O-O O-O 13. h3
Ngf6 $132 {1-0 Ftacnik,L-Rogers,I/Groningen 1988/CBM 10 (57)}) (6. f3 Nd7 7.
Qd2 e6 8. h4 h5 9. Bg5 Ne7 10. Nh3 Bb7 11. Be2 c5 12. dxc5 dxc5 13. Rd1 Ne5 14.
Qf4 Qb8 15. O-O N5c6 16. Qxb8+ Rxb8 $11 {0-1 Lazic,M-Delchev,A/Torino 2000/CBM
79 ext (58)}) (6. f4 Bb7 7. Nf3 e6 8. Bd3 c5 9. O-O Nf6 10. Kh1 O-O $132 {
1-0 Popov,V-Chepukaitis,G/St Petersburg RUS 2001/The Week in Chess 333 (26)})
6... Bb7 7. Bc4 e6 (7... Nf6 $5) 8. d5 $5 {Nice try; White intends to clear up
things in the centre by this move;} Bxc3+ $6 (8... exd5 $5 9. Bxd5 $14) (8...
e5 9. Qf3 $16) 9. bxc3 e5 {Qe7 is more flexible;} (9... Qe7 $5) 10. Ne2 Nd7 11.
O-O Ngf6 12. f3 Qe7 13. a5 $16 {white is going to open position over the
quenside. In my opinion, white has clear advantage in the middle game.} O-O 14.
Qd2 Rfc8 15. Bd3 {White is attacking weaknesses of black over the queen side.}
c5 {Black intends to get rid of some of his weaknesses over the queenside;} (
15... Nc5 16. Bg5 $16) 16. dxc6 {16.c4 could leave black with a-pawn weak
keeping black pieces passive;} (16. c4 $5) 16... Rxc6 17. c4 bxa5 18. Rfb1 {
[%cal Rb1b7] White activates his rook transfering it to the queen side.} Nc5
19. Nc3 {[%csl Gd5][%cal Gc3d5]} Rcc8 20. Rxa5 Qc7 21. Nd5 Bxd5 (21... Nxd5 22.
cxd5 Bxd5 (22... Nxd3 23. cxd3 $16 {[%csl Rd6,Yf6,Yg5][%cal Ye3g5,Yg5f6]})) 22.
cxd5 Nfd7 23. Rba1 {[%csl Ra6][%cal Rd3a6,Ra5a6,Ra1a5] White increases
pressure on weak pawn a6.} Qb7 24. Be2 Rcb8 25. Qc3 Qb2 {Black simplifies
position by trading queens;} 26. Qxb2 {[%mdl 4096]} Rxb2 27. Bxa6 Rxc2 28. Bb5
$16 {The pair of bishops gives white clear advantage in the ending;} Rxa5 (
28... Rb8 29. Ra8 $36) 29. Rxa5 Kg7 (29... Nb6 30. Ra7 $36 {[%csl Yf7][%cal
Yb5e8,Ye8f7,Ya7f7]}) 30. Bxd7 $1 {White changes one bishop reaching d6 weak.}
Nxd7 31. Ra6 Re2 32. Rxd6 $16 {White transforming the game to the rook' ending
having passed pawn d6 and good chances to win the game.} Rxe3 33. Rxd7 Re2 34.
g4 Kf6 35. h4 {White is cutting off black king keeping e5-pawn weak.} h6 36.
Rc7 Rd2 37. g5+ hxg5 38. hxg5+ Kxg5 39. Rxf7 {White has traded his "g" for "f"
of black. The final target is to reach two passed pawns d and e, getting rid
of e5 somehow;} Kh4 40. Kf1 Kg3 41. Ke1 {White gets his king useful.} Ra2 {
Rook is not behind of white d-pawn anymore;} 42. d6 $18 Ra6 43. d7 Rd6 44. Ke2
g5 45. Ke3 g4 46. Rg7 Kh3 47. f4 1-0